00646nam a22002052 4500001001100000005001700011008004100028020001700069040001500086245007900101250001400180260004300194300001700237650003400254650003800288650004500326700002800371700003800399852000300437000002035620151217152212.0110913s xx 000 0 eng d a8131211519 : aKABUcKABU10aMoroney's surgery for nurses /cedited by Chintamani, Elsa Sanatombi Devi. a17th ed. aNoida, India :bElsevier India,c2008. avii, 372 p. 0aSurgical nursing.@0000179839 0aOperations, Surgical.@0000180567 0aSurgery, OperativexNursing.@00001805681 aChintamani.@00001805691 aDevi, Elsa Sanatombi.@00001805701